Drapeaux des départements français n°4 (Métropole + DROM COM) - Statistiques

Statistiques générales
  • Ce quiz a été pris 31 fois
  • Le résultat moyen est 9 sur 18
Statistiques - réponses
Par images Réponse % Correct
Corse
84%
Cantal
58%
Gard
58%
Isère
53%
Vosges
53%
Wallis-et-Futuna
53%
Côte-d'Or
47%
Mayotte
47%
Orne
47%
Tarn-et-Garonne
47%
Manche
42%
Seine-et-Marne
42%
Val-de-Marne
42%
Deux-Sèvres
37%
Eure-et-Loir
37%
Gironde
37%
Hautes-Pyrénées
37%
Seine-Saint-Denis
37%
Aucun quiz correspondant
Distribution des résultats
% des personnes avec chaque résultat
Percentile par nombre de réponses
Votre historique - résultats
Vous n’avez pas pris ce quiz